[Event "26th WSCC 2016 Open 65+"]
[Site "Marianske Lazne, Czech Republic - Hotel Cristal and Continental"]
[Date "2016.11.24"]
[Round "6.60"]
[White "Joukl, Zdenek"]
[Black "Davydov, Mihail"]
[Result "1-0"]
[WhiteElo "2108"]
[BlackElo "1986"]
[PlyCount "98"]
[EventDate "2016.11.19"]

1. c4 e5 2. Nc3 Bb4 3. Nd5 Be7 4. e4 c6 5. Nc3 d6 6. g3 f5 7. d3 Nf6 8. Bg2 O-O
9. Nge2 Na6 10. O-O Nc7 11. f4 fxe4 12. dxe4 Be6 13. b3 Qd7 14. f5 Bf7 15. Ba3
Rfd8 16. Qc1 d5 17. Rd1 d4 18. Rd3 b6 19. Nd1 a5 20. Nf2 b5 21. Bxe7 Qxe7 22.
cxb5 cxb5 23. g4 Rac8 24. g5 Nh5 25. Qd2 b4 26. Rh3 Nb5 27. Bf3 Nf4 28. Rg3
Nxe2+ 29. Bxe2 Nc3 30. Bd3 Rc6 31. Kh1 Kh8 32. Rag1 g6 33. f6 Qe6 34. Ng4 a4
35. Rh3 axb3 36. axb3 Ra8 37. Qe1 Ra7 38. Rh6 Rcc7 39. Qg3 Ra5 40. Rf1 Qxb3 41.
Nxe5 Rca7 42. Nxf7+ Qxf7 43. Qb8+ Qg8 44. Qxg8+ Kxg8 45. Bc4+ Kf8 46. f7 Rxg5
47. Rxh7 Rh5 48. Rg7 Kxg7 49. f8=Q+ Kh7 1-0

[Event "26th WSCC 2016 Open 65+"]
[Site "Marianske Lazne, Czech Republic - Hotel Cristal and Continental"]
[Date "2016.11.24"]
[Round "6.61"]
[White "Bauder, Herbert"]
[Black "Ricter, Jean-Paul"]
[Result "0-1"]
[WhiteElo "1963"]
[BlackElo "2108"]
[PlyCount "132"]
[EventDate "2016.11.19"]

1. d4 d6 2. Nf3 g6 3. c4 Bg7 4. Nc3 c5 5. d5 Nf6 6. e4 b5 7. cxb5 a6 8. Be2 O-O
9. bxa6 Bxa6 10. Bxa6 Nxa6 11. O-O Qb6 12. Rb1 Nc7 13. a3 Nb5 14. Nxb5 Qxb5 15.
Qc2 Qa4 16. Qxa4 Rxa4 17. e5 dxe5 18. Nxe5 Nxd5 19. Re1 Rd8 20. Kf1 e6 21. Bd2
Ne7 22. Rbd1 Rad4 23. Nf3 Rd3 24. Ke2 Bxb2 25. Bc1 Rxd1 26. Rxd1 Rb8 27. Bxb2
Rxb2+ 28. Rd2 Rb7 29. Rc2 Rc7 30. Rc4 Nd5 31. Nd2 Nb6 32. Rc1 Kf8 33. Nc4 Nxc4
34. Rxc4 Ke7 35. Kd3 Kd6 36. Ke4 Ra7 37. a4 Rb7 38. Kd3 Kd5 39. Rc2 Rb3+ 40.
Rc3 c4+ 41. Kc2 Rb7 42. a5 Ra7 43. Ra3 Ra6 44. Kc3 e5 45. Ra4 f5 46. Kb4 e4 47.
g3 g5 48. Kb5 Ra8 49. a6 Rb8+ 50. Ka5 c3 51. a7 Rc8 52. Ra1 Kc4 53. Kb6 c2 54.
a8=Q Rxa8 55. Rxa8 Kb3 56. Rc8 Kb2 57. Kb5 c1=Q 58. Rxc1 Kxc1 59. Kc4 Kd2 60.
Kd4 Ke2 61. Ke5 Kxf2 62. Kxf5 e3 63. Kxg5 e2 64. g4 e1=Q 65. Kh6 Qe4 66. g5
Qg6# 0-1

[Event "26th WSCC 2016 Open 65+"]
[Site "Marianske Lazne, Czech Republic - Hotel Cristal and Continental"]
[Date "2016.11.24"]
[Round "6.62"]
[White "Mckerracher, Douglas"]
[Black "Vavruska, Antonin"]
[Result "0-1"]
[WhiteElo "1962"]
[BlackElo "2096"]
[PlyCount "68"]
[EventDate "2016.11.19"]

1. e4 e6 2. d3 d5 3. Nd2 dxe4 4. dxe4 e5 5. Ngf3 Bc5 6. Bb5+ Bd7 7. Qe2 Qe7 8.
O-O a6 9. Bxd7+ Nxd7 10. a4 Ngf6 11. Nc4 h6 12. c3 Qe6 13. b4 Ba7 14. h3 Nh5
15. Re1 O-O 16. Nh4 Nf4 17. Qf1 g6 18. Be3 Bxe3 19. Nxe3 Nf6 20. Qc4 Qe7 21.
Nf3 Rad8 22. Rad1 c6 23. Kh2 Nd7 24. a5 Kg7 25. g3 Ne6 26. Kg2 Nc7 27. Ng4 Nb5
28. Rd2 h5 29. Ne3 Nd6 30. Qe2 Nxe4 31. Nd1 Nxd2 32. Nxd2 Nf6 33. Nc4 Rfe8 34.
Nde3 Qe6 0-1

[Event "26th WSCC 2016 Open 65+"]
[Site "Marianske Lazne, Czech Republic - Hotel Cristal and Continental"]
[Date "2016.11.24"]
[Round "6.63"]
[White "Abel, Hans-Peter"]
[Black "Montero Martinez, Cristhian"]
[Result "0-1"]
[WhiteElo "1923"]
[BlackElo "2089"]
[PlyCount "84"]
[EventDate "2016.11.19"]

1. c4 e5 2. g3 Nf6 3. Bg2 c6 4. Nc3 Bb4 5. Qb3 Na6 6. e3 Nc5 7. Qc2 Bxc3 8.
bxc3 e4 9. Ba3 Nd3+ 10. Ke2 d5 11. cxd5 cxd5 12. f3 Bf5 13. Qa4+ Qd7 14. Qxd7+
Bxd7 15. Rb1 Bc6 16. Nh3 a6 17. fxe4 dxe4 18. c4 h5 19. Nf4 h4 20. Bb2 Nxb2 21.
Rxb2 g5 22. Nh3 g4 23. Nf4 h3 24. Bf1 O-O-O 25. Kf2 Nd7 26. Nd5 Bxd5 27. cxd5
Ne5 28. Rc2+ Kb8 29. Bc4 f5 30. Ke2 Nxc4 31. Rxc4 Rxd5 32. Rf1 Rhd8 33. Rd4
Rxd4 34. exd4 Rd5 35. Ke3 Kc7 36. d3 exd3 37. Kxd3 Kd6 38. Rb1 Ra5 39. Rb2 Kd5
40. Rd2 Ra3+ 41. Ke2 b5 42. Kf2 a5 0-1

[Event "26th WSCC 2016 Open 65+"]
[Site "Marianske Lazne, Czech Republic - Hotel Cristal and Continental"]
[Date "2016.11.24"]
[Round "6.64"]
[White "Baumann, Hanspeter"]
[Black "Anguera Maestro, Jaime"]
[Result "0-1"]
[WhiteElo "1911"]
[BlackElo "2081"]
[PlyCount "62"]
[EventDate "2016.11.19"]

1. e4 b6 2. d4 Bb7 3. Nc3 g6 4. f4 Bg7 5. Nf3 e6 6. Be3 Ne7 7. Bd3 d5 8. e5 Nd7
9. Ne2 c5 10. c3 c4 11. Bc2 a5 12. O-O b5 13. Qd2 Qb6 14. g4 h5 15. h3 b4 16.
Ng5 hxg4 17. hxg4 Rh4 18. Ng3 Rxg4 19. Qh2 Nf5 20. Bf2 Rh4 21. Qg2 Rh8 22. Nxf5
exf5 23. e6 fxe6 24. Nxe6 Kf7 25. Bxf5 gxf5 26. Qxg7+ Kxe6 27. Rfe1+ Kd6 28.
Qe7+ Kc7 29. Re6 Rag8+ 30. Kf1 Rh7 31. Qxh7 Qxe6 0-1

[Event "26th WSCC 2016 Open 65+"]
[Site "Marianske Lazne, Czech Republic - Hotel Cristal and Continental"]
[Date "2016.11.24"]
[Round "6.65"]
[White "Nickl, Klaus"]
[Black "Ben-Zeev, Moshe"]
[Result "1/2-1/2"]
[WhiteElo "2075"]
[BlackElo "1943"]
[PlyCount "79"]
[EventDate "2016.11.19"]

1. d4 Nf6 2. Bg5 d5 3. Nd2 e6 4. e3 c5 5. Ngf3 Nc6 6. c3 a6 7. Bd3 cxd4 8. exd4
Be7 9. O-O Ng4 10. Bxe7 Qxe7 11. Re1 Nf6 12. Ne5 Nd7 13. f4 Ncxe5 14. fxe5 Nf8
15. Nf3 Bd7 16. Qd2 Bb5 17. Bc2 O-O-O 18. a4 Be8 19. b4 b6 20. Bd3 Kb7 21. Qe2
Ra8 22. b5 a5 23. c4 Ka7 24. Rec1 Rc8 25. cxd5 Rxc1+ 26. Rxc1 exd5 27. Qa2 Qb7
28. Bf5 Ne6 29. Bxe6 fxe6 30. Qa3 Bh5 31. Ng5 Bg4 32. Qd6 Rc8 33. Rc6 Bd1 34.
Nxe6 Bxa4 35. Nc5 Rxc6 36. bxc6 Qxc6 37. Qe7+ Ka8 38. Qd8+ Ka7 39. Qe7+ Ka8 40.
Qd8+ $11 1/2-1/2

[Event "26th WSCC 2016 Open 65+"]
[Site "Marianske Lazne, Czech Republic - Hotel Cristal and Continental"]
[Date "2016.11.24"]
[Round "6.66"]
[White "Mueller, Lutz"]
[Black "Valtera, Jiri"]
[Result "1/2-1/2"]
[WhiteElo "2070"]
[BlackElo "1943"]
[PlyCount "63"]
[EventDate "2016.11.19"]

1. d4 e6 2. Nf3 f5 3. c4 Nf6 4. Nc3 b6 5. e3 Bb7 6. Bd3 Bb4 7. Qc2 O-O 8. a3
Bxc3+ 9. Qxc3 a5 10. b3 Be4 11. Bb2 d6 12. O-O-O Nbd7 13. Nd2 Bxd3 14. Qxd3 Qe7
15. h3 d5 16. f3 c5 17. g4 a4 18. gxf5 exf5 19. cxd5 axb3 20. Kb1 cxd4 21. Qxd4
Nc5 22. d6 Qf7 23. Qc4 Ra4 24. Qxf7+ Kxf7 25. e4 fxe4 26. fxe4 Ncxe4 27. Nxe4
Rxe4 28. d7 Rd8 29. Rhf1 Ke6 30. Rg1 Rxd7 31. Rxd7 Nxd7 32. Bxg7 1/2-1/2

[Event "26th WSCC 2016 Open 65+"]
[Site "Marianske Lazne, Czech Republic - Hotel Cristal and Continental"]
[Date "2016.11.24"]
[Round "6.67"]
[White "Horak, Miroslav"]
[Black "Diaz Franco, Francisco Jorge"]
[Result "0-1"]
[WhiteElo "1686"]
[BlackElo "2019"]
[PlyCount "67"]
[EventDate "2016.11.19"]

1. c4 e5 2. Nc3 Bc5 3. e3 d6 4. g3 Nf6 5. Bg2 O-O 6. Nge2 c6 7. Na4 Bb4 8. a3
Ba5 9. b4 Bc7 10. Nac3 h6 11. O-O Be6 12. d3 Qd7 13. Re1 d5 14. cxd5 cxd5 15.
d4 e4 16. Bb2 Nc6 17. Qb3 Rac8 18. Rac1 Ne7 19. a4 Ng6 20. f4 Rfe8 21. Nd1 Bb8
22. Nf2 Rxc1 23. Rxc1 Rc8 24. h3 Rxc1+ 25. Bxc1 h5 26. Kh2 Ne7 27. b5 Nc8 28.
Bf1 Bc7 29. Ba3 Ne8 30. Nc1 Bd6 31. a5 Qc7 32. b6 axb6 33. a6 bxa6 34. Bxa6 0-1

[Event "26th WSCC 2016 Open 65+"]
[Site "Marianske Lazne, Czech Republic - Hotel Cristal and Continental"]
[Date "2016.11.24"]
[Round "6.68"]
[White "Zhelesny, Stanislav"]
[Black "Hocevar, Nikola"]
[Result "1/2-1/2"]
[WhiteElo "2067"]
[BlackElo "1910"]
[PlyCount "32"]
[EventDate "2016.11.19"]

1. Nf3 Nf6 2. g3 d5 3. Bg2 c5 4. d4 Nc6 5. O-O e6 6. c4 dxc4 7. dxc5 Qxd1 8.
Rxd1 Bxc5 9. Nbd2 c3 10. bxc3 O-O 11. Nb3 Be7 12. c4 Bd7 13. Bb2 Rfd8 14. Ne5
Rac8 15. Nxd7 Nxd7 16. Rac1 b6 1/2-1/2

[Event "26th WSCC 2016 Open 65+"]
[Site "Marianske Lazne, Czech Republic - Hotel Cristal and Continental"]
[Date "2016.11.24"]
[Round "6.69"]
[White "Kopecek, Ivan"]
[Black "Andersson, Kaj"]
[Result "0-1"]
[WhiteElo "1910"]
[BlackElo "2057"]
[PlyCount "68"]
[EventDate "2016.11.19"]

1. d4 d5 2. Nf3 Nf6 3. e3 e6 4. Bd3 c5 5. b3 cxd4 6. exd4 Nc6 7. Nbd2 Bd7 8.
O-O Rc8 9. c4 Be7 10. Bb2 O-O 11. Rc1 Qb6 12. c5 Qc7 13. Ne5 Nxe5 14. dxe5 Ne8
15. Re1 Qa5 16. Re3 h6 17. a3 Rxc5 18. Rxc5 Qxc5 19. Rg3 Bh4 20. b4 Qb6 21. Re3
f5 22. Nf3 Bxf2+ 23. Kxf2 f4 24. Bd4 fxe3+ 25. Kxe3 Qc7 26. Bc5 Rxf3+ 27. Qxf3
Qxe5+ 28. Kd2 Nf6 29. Bxa7 Qb2+ 30. Ke1 e5 31. Bg6 Qc1+ 32. Kf2 e4 33. Qb3 Ng4+
34. Kg3 Qc7+ 0-1

[Event "26th WSCC 2016 Open 65+"]
[Site "Marianske Lazne, Czech Republic - Hotel Cristal and Continental"]
[Date "2016.11.24"]
[Round "6.70"]
[White "Hoeschele, Hans-Ulrich"]
[Black "Vatansever, Abdullah"]
[Result "1/2-1/2"]
[WhiteElo "2057"]
[BlackElo "1938"]
[PlyCount "86"]
[EventDate "2016.11.19"]

1. c4 Nf6 2. Nc3 g6 3. g3 Bg7 4. Bg2 c5 5. Nf3 Nc6 6. O-O d6 7. d4 cxd4 8. Nxd4
Bd7 9. Nxc6 Bxc6 10. e4 O-O 11. Qd3 a6 12. Rb1 Ng4 13. b3 Rb8 14. a4 Qe8 15.
Bb2 b5 16. axb5 axb5 17. Nxb5 Bxb5 18. Bxg7 Kxg7 19. cxb5 Qxb5 20. Qd4+ Kg8 21.
Rfc1 Qb6 22. Qxb6 Rxb6 23. Rc7 e6 24. Bf3 Nf6 25. Rc4 Rfb8 26. b4 e5 27. Be2
Kg7 28. Kf1 d5 29. exd5 Nxd5 30. Rc5 Nxb4 31. Rxe5 Nc6 32. Rxb6 Rxb6 33. Rb5
Rxb5 34. Bxb5 Nd4 35. Bd7 f5 36. f4 Kf6 37. Kf2 Nb3 38. Bb5 Nd4 39. Bc4 Nc6 40.
Ke3 g5 41. fxg5+ Kxg5 42. Be2 Ne5 43. h4+ Kf6 1/2-1/2

[Event "26th WSCC 2016 Open 65+"]
[Site "Marianske Lazne, Czech Republic - Hotel Cristal and Continental"]
[Date "2016.11.24"]
[Round "6.71"]
[White "Schmitt, Karl"]
[Black "Archangelsky, Mikhail"]
[Result "0-1"]
[WhiteElo "1899"]
[BlackElo "2054"]
[PlyCount "62"]
[EventDate "2016.11.19"]

1. Nf3 e6 2. c4 f5 3. g3 Nf6 4. Bg2 Be7 5. O-O O-O 6. d4 Ne4 7. Qc2 Bf6 8. Rd1
Kh8 9. Nc3 d5 10. b3 Nc6 11. e3 a5 12. Bb2 Nb4 13. Qe2 c6 14. a3 Na6 15. c5 b6
16. cxb6 Qxb6 17. Nxe4 fxe4 18. Nd2 Bd7 19. Rdb1 c5 20. dxc5 Nxc5 21. Bxf6 Rxf6
22. b4 Na4 23. Rb3 Raf8 24. bxa5 Qxa5 25. f4 Qc5 26. Qe1 Rc8 27. Bf1 Rff8 28.
Kg2 Rc7 29. Rab1 Qa7 30. Be2 Rfc8 31. Bd1 Nc3 0-1

[Event "26th WSCC 2016 Open 65+"]
[Site "Marianske Lazne, Czech Republic - Hotel Cristal and Continental"]
[Date "2016.11.24"]
[Round "6.72"]
[White "Degtiarev, Viktor"]
[Black "Dahlhaus, Friedhelm"]
[Result "0-1"]
[WhiteElo "1823"]
[BlackElo "2052"]
[PlyCount "90"]
[EventDate "2016.11.19"]

1. e4 e5 2. Nf3 Nc6 3. Bb5 a6 4. Ba4 Nf6 5. O-O b5 6. Bb3 Bb7 7. Re1 Bc5 8.
Nxe5 Nxe5 9. d4 d6 10. dxe5 dxe5 11. Qxd8+ Rxd8 12. Nc3 O-O 13. Bg5 Rd6 14. Kf1
h6 15. Bh4 Bd4 16. f3 c5 17. a3 c4 18. Ba2 g5 19. Bg3 Nh5 20. Bf2 Nf4 21. Nd1
Rfd8 22. Bxd4 exd4 23. Nf2 Kg7 24. g3 Ng6 25. b3 Ne5 26. f4 Nf3 27. Red1 gxf4
28. gxf4 c3 29. Ke2 Nd2 30. Rg1+ Kf8 31. e5 R6d7 32. Rg3 Ne4 33. Rag1 Nxg3+ 34.
Rxg3 Bd5 35. Ng4 Be4 36. Bb1 Rc7 37. Kd1 a5 38. Nf2 Bg6 39. Nd3 Bxd3 40. Rxd3
b4 41. a4 Ke7 42. Rg3 Rcc8 43. Ke2 Rg8 44. Kf2 Rxg3 45. hxg3 d3 0-1

[Event "26th WSCC 2016 Open 65+"]
[Site "Marianske Lazne, Czech Republic - Hotel Cristal and Continental"]
[Date "2016.11.24"]
[Round "6.73"]
[White "Dalling, Peter"]
[Black "Gamboa Gonzalez, Anibal"]
[Result "0-1"]
[WhiteElo "1817"]
[BlackElo "2040"]
[PlyCount "74"]
[EventDate "2016.11.19"]

1. Nc3 d5 2. e4 Nf6 3. d4 dxe4 4. Bc4 Nc6 5. Be3 Na5 6. Be2 g6 7. a3 Bg7 8. Qd2
b6 9. h4 h5 10. b4 Nb7 11. Nh3 Nd6 12. Ng5 Bb7 13. O-O Qd7 14. Rfd1 O-O 15. Nh3
Nf5 16. Bg5 Rad8 17. Be3 Nxh4 18. Rab1 Nf3+ 19. gxf3 Qxh3 20. f4 Ng4 21. Bxg4
hxg4 22. Qe2 g3 23. fxg3 Qxg3+ 24. Kf1 Bf6 25. Qf2 Qh3+ 26. Ke2 Bc8 27. Rh1
Qf3+ 28. Qxf3 exf3+ 29. Kf2 Bxd4 30. Nb5 Bxe3+ 31. Kxe3 Bb7 32. Rh4 Kg7 33. Nd4
Rh8 34. Rg4 f2 35. c3 Rh3+ 36. Kxf2 Rxc3 37. f5 Rd3 0-1

[Event "26th WSCC 2016 Open 65+"]
[Site "Marianske Lazne, Czech Republic - Hotel Cristal and Continental"]
[Date "2016.11.24"]
[Round "6.74"]
[White "Mella, Aage"]
[Black "Altshul, Raffael"]
[Result "0-1"]
[WhiteElo "1781"]
[BlackElo "2037"]
[PlyCount "48"]
[EventDate "2016.11.19"]

1. c4 c5 2. Nf3 g6 3. g3 Bg7 4. Bg2 Nc6 5. Nc3 d6 6. d3 a6 7. O-O Rb8 8. Rb1 b5
9. cxb5 axb5 10. e3 e5 11. Re1 Nge7 12. Bd2 O-O 13. Ne2 b4 14. Qc2 h6 15. h3
Be6 16. b3 Na7 17. e4 Nb5 18. Bc1 Nc6 19. Bb2 Ra8 20. a4 bxa3 21. Ba1 Qd7 22.
Kh2 Rfb8 23. Rec1 Rb7 24. Bf1 Nb4 0-1

[Event "26th WSCC 2016 Open 65+"]
[Site "Marianske Lazne, Czech Republic - Hotel Cristal and Continental"]
[Date "2016.11.24"]
[Round "6.75"]
[White "Kock, Hans-Uwe"]
[Black "Pokora, Lubomir"]
[Result "1/2-1/2"]
[WhiteElo "2037"]
[BlackElo "1895"]
[PlyCount "108"]
[EventDate "2016.11.19"]

1. d4 d5 2. Nf3 c6 3. e3 Bf5 4. Nbd2 Nf6 5. Be2 h6 6. O-O e6 7. c4 Be7 8. b3
O-O 9. Bb2 Nbd7 10. Rc1 Re8 11. Ne5 Nxe5 12. dxe5 Ne4 13. Nf3 dxc4 14. Bxc4
Qxd1 15. Rfxd1 Red8 16. Nd4 Bg6 17. f3 Ng5 18. g4 c5 19. h4 cxd4 20. hxg5 Bxg5
21. f4 Be7 22. exd4 Be4 23. Kf2 Rac8 24. Ke3 Bd5 25. Bxd5 exd5 26. Kd3 Kf8 27.
Rxc8 Rxc8 28. Rc1 Rxc1 29. Bxc1 Ke8 30. f5 Kd7 31. a4 a5 32. Bd2 b6 33. Ke2 Bf8
34. g5 hxg5 35. Bxg5 Bb4 36. Kd3 Bf8 37. Kc2 Bb4 38. Bd2 Be7 39. b4 axb4 40.
Kb3 g6 41. fxg6 fxg6 42. Bxb4 Bh4 43. Kc2 Ke6 44. Kd3 Bf2 45. Bc3 Bh4 46. Ke2
Be7 47. Kf3 Kd7 48. Kg4 Kc6 49. Bd2 b5 50. axb5+ Kxb5 51. Bg5 Bf8 52. Bf6 Kc6
53. Kg5 Kd7 54. Kxg6 Ke6 1/2-1/2

[Event "26th WSCC 2016 Open 65+"]
[Site "Marianske Lazne, Czech Republic - Hotel Cristal and Continental"]
[Date "2016.11.24"]
[Round "6.76"]
[White "Horyna, Josef"]
[Black "Batakovs, Olegs"]
[Result "0-1"]
[WhiteElo "1746"]
[BlackElo "2034"]
[PlyCount "82"]
[EventDate "2016.11.19"]

1. d4 Nf6 2. Nf3 g6 3. g3 Bg7 4. Bg2 O-O 5. O-O d6 6. c3 c6 7. Nbd2 Nbd7 8. e4
Qc7 9. Re1 e5 10. dxe5 dxe5 11. Qc2 b6 12. b3 Ba6 13. Bb2 Rad8 14. c4 Rfe8 15.
b4 Nf8 16. Rad1 N6d7 17. Nb3 Ne6 18. c5 bxc5 19. Nxc5 Ndxc5 20. bxc5 Nd4 21.
Nxd4 exd4 22. Qd2 d3 23. Bxg7 Kxg7 24. f4 Qd7 25. Qc3+ Qd4+ 26. Qxd4+ Rxd4 27.
e5 Bb5 28. Rd2 Red8 29. Rc1 f6 30. exf6+ Kxf6 31. Kf2 Re8 32. Bf3 h5 33. h4 Re6
34. Rc3 a5 35. Ra3 a4 36. Rc3 Rb4 37. Bg2 Re2+ 38. Rxe2 dxe2 39. Rc1 Rb2 40.
Ke1 Rxa2 41. Bf3 a3 0-1

[Event "26th WSCC 2016 Open 65+"]
[Site "Marianske Lazne, Czech Republic - Hotel Cristal and Continental"]
[Date "2016.11.24"]
[Round "6.77"]
[White "Kosina, Vladimir"]
[Black "Toefferl, Heimo"]
[Result "0-1"]
[WhiteElo "1715"]
[BlackElo "2033"]
[PlyCount "122"]
[EventDate "2016.11.19"]

1. c4 e6 2. Nf3 d5 3. e3 c6 4. b3 Bd6 5. Bb2 f6 6. Be2 Nh6 7. O-O O-O 8. Nc3 b6
9. Rc1 Bb7 10. Qc2 Na6 11. a3 Qe7 12. b4 Rac8 13. h3 Nc7 14. Rfe1 e5 15. d4 Ne6
16. c5 $11 Bb8 17. Nb1 e4 18. Nfd2 f5 19. Nf1 f4 20. Bd1 Qg5 21. f3 fxe3 22.
Nxe3 exf3 23. Bxf3 Rxf3 24. Qe2 Rf6 25. Nd2 Nf4 26. Qf3 Nd3 27. Nxd5 Rxf3 28.
Ne7+ Qxe7 29. Rxe7 Rf7 30. Rxf7 Nxf7 31. Rc2 Re8 32. Nf3 Ng5 33. Bc3 Nxf3+ 34.
gxf3 Nf4 35. Kf1 Ba6+ 36. Kf2 Nxh3+ 37. Kg2 Re2+ 38. Rxe2 Nf4+ 39. Kf2 Nxe2 40.
Bb2 Nf4 41. Ke3 Nd5+ 42. Ke4 Kf7 43. Bc1 Kf6 44. Bd2 Bb5 45. f4 g6 46. Bc1 Ba4
47. Bd2 Bc2+ 48. Kf3 Kf5 49. Be1 Bxf4 50. Bf2 Bd1+ 51. Kg2 Kg4 52. Kf1 Bd2 53.
Kg2 Be2 54. Kh2 Kf3 55. Bg3 Bf4 56. Bxf4 Kxf4 57. a4 Nxb4 58. Kg1 Ke3 59. cxb6
axb6 60. a5 bxa5 61. d5 cxd5 0-1

[Event "26th WSCC 2016 Open 65+"]
[Site "Marianske Lazne, Czech Republic - Hotel Cristal and Continental"]
[Date "2016.11.24"]
[Round "6.78"]
[White "Hastik, Svatopluk"]
[Black "Baumgarten, Werner"]
[Result "1-0"]
[WhiteElo "2023"]
[BlackElo "1882"]
[PlyCount "39"]
[EventDate "2016.11.19"]

1. d4 Nf6 2. c4 g6 3. d5 c6 4. Nc3 Bg7 5. e4 d6 6. Be2 O-O 7. Nf3 e5 8. O-O c5
9. Ne1 Ne8 10. f4 f5 11. fxe5 Bxe5 12. exf5 Bxf5 13. Nf3 Bg7 14. Ng5 Nc7 15.
Bf4 Bd4+ 16. Kh1 h6 17. Nge4 Be5 18. Bxe5 dxe5 19. Nxc5 Ne8 20. Qd2 1-0

[Event "26th WSCC 2016 Open 65+"]
[Site "Marianske Lazne, Czech Republic - Hotel Cristal and Continental"]
[Date "2016.11.24"]
[Round "6.79"]
[White "Bondar, Leonid"]
[Black "Simkin, Alexander"]
[Result "1/2-1/2"]
[WhiteElo "2019"]
[BlackElo "1782"]
[PlyCount "81"]
[EventDate "2016.11.19"]

1. e4 c5 2. Nf3 d6 3. d4 cxd4 4. Nxd4 Nf6 5. Nc3 a6 6. Be2 Nc6 7. Be3 e6 8. Qd2
Be7 9. O-O-O O-O 10. f3 Nxd4 11. Qxd4 e5 12. Qb6 Qxb6 13. Bxb6 Be6 14. Kb1 Rac8
15. g4 Rc6 16. Be3 Rfc8 17. Rd2 Nd7 18. Nd5 Bd8 19. c3 Bxd5 20. exd5 R6c7 21.
f4 f6 22. Bd3 exf4 23. Bxf4 Ne5 24. Bf5 Ra8 25. Re2 g6 26. Be6+ Kg7 27. h4 Be7
28. Be3 b5 29. Rf1 Rf8 30. Bd4 Nd7 31. g5 Ne5 32. Bh3 Rb7 33. gxf6+ Bxf6 34.
Rf4 Rbf7 35. Be6 Rb7 36. Ref2 Re7 37. Kc2 Rc7 38. Rg2 Nd7 39. h5 Bxd4 40. Rxd4
Ne5 41. hxg6 1/2-1/2

[Event "26th WSCC 2016 Open 65+"]
[Site "Marianske Lazne, Czech Republic - Hotel Cristal and Continental"]
[Date "2016.11.24"]
[Round "6.80"]
[White "Racek, Jiri"]
[Black "Kayaman, Metin"]
[Result "0-1"]
[WhiteElo "2018"]
[BlackElo "1732"]
[PlyCount "80"]
[EventDate "2016.11.19"]

1. d4 Nf6 2. c4 e6 3. Nc3 c5 4. d5 exd5 5. cxd5 d6 6. Nf3 g6 7. Nd2 Bg7 8. Nc4
a6 9. a4 Qc7 10. Bf4 Bf8 11. Qd2 Be7 12. e4 Nh5 13. Bh6 Nd7 14. Be2 Nhf6 15. f4
Nb6 16. Ne3 Nbd7 17. Nc4 Nb6 18. Nxb6 Qxb6 19. e5 Ng4 20. Bxg4 Bxg4 21. h3 Bh4+
22. Kf1 Bf5 23. g4 Bd7 24. Ne4 dxe5 25. Bg7 Rg8 26. Bxe5 Qb3 27. Qc3 Qxd5 28.
Nd6+ Kf8 29. Ke2 Qg2+ 30. Kd3 Bxa4 31. Rxa4 Qxh1 32. Qxc5 Qf3+ 33. Kc2 Qc6 34.
Nxb7+ Qxc5+ 35. Nxc5 Rc8 36. b4 Be7 37. Kd3 Bxc5 38. bxc5 Rc6 39. Bd6+ Kg7 40.
Kc4 Rcc8 0-1

[Event "26th WSCC 2016 Open 65+"]
[Site "Marianske Lazne, Czech Republic - Hotel Cristal and Continental"]
[Date "2016.11.24"]
[Round "6.81"]
[White "Gudashvili, Gavazi"]
[Black "Gromark, Per-Olof"]
[Result "0-1"]
[WhiteElo "1617"]
[BlackElo "2015"]
[PlyCount "94"]
[EventDate "2016.11.19"]

1. e4 c5 2. Nf3 e6 3. d4 cxd4 4. Nxd4 Nc6 5. Bc4 Qc7 6. O-O a6 7. Nc3 Nf6 8.
Bg5 b5 9. Nxc6 Qxc6 10. Bd3 Bb7 11. Bxf6 gxf6 12. Qf3 Be7 13. Qh5 Qc5 14. Qh6
Qg5 15. Qxg5 fxg5 16. f4 gxf4 17. Rxf4 Rg8 18. Raf1 f5 19. g3 Bg5 20. R4f3 b4
21. Nd5 exd5 22. exf5 d4 23. Re1+ Be3+ 24. Rfxe3+ dxe3 25. Rxe3+ Kf7 26. Re5
Rge8 27. Ra5 Re1+ 28. Kf2 Rae8 29. g4 R8e5 30. Ra4 a5 31. Bc4+ Kf6 32. Rxa5
Rxa5 33. Kxe1 h5 34. h3 hxg4 35. hxg4 Bf3 36. g5+ Kxg5 37. Bd3 Bg4 38. f6 Kxf6
39. Kd2 Rxa2 40. Kc1 Bf5 41. Bc4 Ra7 42. Kd2 Ke5 43. b3 Kd4 44. Bf7 Ra2 45. Ke2
Rxc2+ 46. Kf3 Be6 47. Bxe6 dxe6 0-1

[Event "26th WSCC 2016 Open 65+"]
[Site "Marianske Lazne, Czech Republic - Hotel Cristal and Continental"]
[Date "2016.11.24"]
[Round "6.83"]
[White "Dubinsky, Alexander"]
[Black "Doehner, Hans-Juergen"]
[Result "1-0"]
[WhiteElo "1858"]
[BlackElo "2111"]
[PlyCount "53"]
[EventDate "2016.11.19"]

1. f4 e6 2. Nf3 Nf6 3. Nc3 d5 4. e3 a6 5. b3 c5 6. Ne2 Nc6 7. Ng3 Bd6 8. Bb2
Qe7 9. Ne5 d4 10. Nxc6 bxc6 11. Bd3 e5 12. Qf3 O-O 13. O-O exf4 14. exf4 Nd5
15. f5 Qc7 16. Rae1 f6 17. Re4 Be5 18. Bc4 Bd7 19. Ba3 Qd6 20. Rh4 Bxg3 21.
hxg3 h6 22. Rxd4 Kh7 23. Bxd5 cxd5 24. Qxd5 Qxg3 25. Rd3 Qg5 26. Bxc5 Rfe8 27.
Be3 1-0

[Event "26th WSCC 2016 Open 65+"]
[Site "Marianske Lazne, Czech Republic - Hotel Cristal and Continental"]
[Date "2016.11.24"]
[Round "6.84"]
[White "Carlsten, Peter"]
[Black "Rubinstein, Mark"]
[Result "1-0"]
[WhiteElo "2099"]
[BlackElo "1886"]
[PlyCount "53"]
[EventDate "2016.11.19"]

1. e4 c5 2. Nf3 Nc6 3. d4 cxd4 4. Nxd4 e5 5. Nb5 d6 6. N1c3 a6 7. Na3 Be6 8.
Nc4 b5 9. Ne3 Nge7 10. g3 g6 11. Ned5 Bg7 12. Be3 Nd4 13. Bg5 Ndc6 14. Nf6+ Kf8
15. Nfd5 h6 16. Nxe7 Nxe7 17. Be3 Kg8 18. Qd2 Kh7 19. Rd1 Nc8 20. Bg2 Qd7 21.
Nd5 Qc6 22. O-O Re8 23. c3 Rb8 24. h3 Rb7 25. Nb4 Qd7 26. Nxa6 Bxa2 27. Nc5 1-0

[Event "26th WSCC 2016 Open 65+"]
[Site "Marianske Lazne, Czech Republic - Hotel Cristal and Continental"]
[Date "2016.11.24"]
[Round "6.85"]
[White "Vagner, Grigorij"]
[Black "Sand, Rolf"]
[Result "0-1"]
[WhiteElo "1849"]
[BlackElo "2068"]
[PlyCount "114"]
[EventDate "2016.11.19"]

1. e4 c5 2. Nf3 d6 3. Nc3 Nf6 4. d4 cxd4 5. Nxd4 a6 6. Bg5 e6 7. Qd2 h6 8. Bh4
Nxe4 9. Qf4 Nf6 10. Qe3 Be7 11. Qf3 Nbd7 12. O-O-O Ne5 13. Qe2 Bd7 14. f4 Nc6
15. Nf3 Qc7 16. Kb1 O-O-O 17. Bf2 Rhe8 18. Qc4 Kb8 19. Qb3 b5 20. Na4 Na5 21.
Qb4 Nc6 22. Qb3 Qb7 23. Nb6 Ne4 24. Bg1 Nc5 25. Bxc5 dxc5 26. Nxd7+ Rxd7 27.
Be2 Red8 28. Qe3 Rxd1+ 29. Bxd1 Rd5 30. c3 c4 31. Bc2 Qa7 32. Qe2 Bf6 33. Rf1
Rd7 34. Be4 Qc5 35. Re1 Ne7 36. Bc2 Rd8 37. Qe4 Rd5 38. Qe2 Rd6 39. a3 Rd8 40.
Kc1 Rd7 41. Kb1 h5 42. Ne5 Bxe5 43. Qxe5+ Qxe5 44. Rxe5 g6 45. Re2 Kc7 46. Kc1
Nd5 47. g3 Nf6 48. a4 Rd5 49. a5 Kc6 50. h3 Kc5 51. b4+ cxb3 52. Bxb3 Rd3 53.
Re5+ Kd6 54. Kc2 Rxg3 55. c4 b4 56. c5+ Kc7 57. Bc4 Rc3+ 0-1

[Event "26th WSCC 2016 Open 65+"]
[Site "Marianske Lazne, Czech Republic - Hotel Cristal and Continental"]
[Date "2016.11.24"]
[Round "6.86"]
[White "Novak, Jaromir"]
[Black "Reynolds, D Ian W"]
[Result "1/2-1/2"]
[WhiteElo "1843"]
[BlackElo "2040"]
[PlyCount "37"]
[EventDate "2016.11.19"]

1. d4 Nf6 2. c4 e6 3. Nf3 b6 4. g3 Ba6 5. Qc2 Bb7 6. Bg2 c5 7. O-O cxd4 8. Nxd4
Bxg2 9. Kxg2 Bc5 10. Nf3 d5 11. Bg5 Be7 12. cxd5 Nxd5 13. Bxe7 Qxe7 14. Qc8+
Qd8 15. Qxd8+ Kxd8 16. e4 Nf6 17. Nc3 Nc6 18. Rfd1+ Ke7 19. Nd4 $11 1/2-1/2